00485 2200193 4500245005600000020001800056250001100074100002100085700001900106700001800125650001700143005001900160260003100179041001400210084001300224300003400237336000900271338001100280 aSleepless Cinderella Vol. 1cKurahashi, ErikahText a9789792317503 aCet. 1 aKurahashi, Erika aMarin Hermanto aLidwina Leung aKomik Jepang a20230206093529 aJakartabPT Gramediac2008 aIndonesia a741.5592 a... jil. :bilus. ;c17,5 cm. atext avolume